Structural disadvantage and Latino violent offending: Assessing the Latino paradox in context of established versus emerging Latino destinations
| VerfasserInnen: | ; |
|---|---|
| Medienart: | Elektronisch Aufsatz |
| Sprache: | Englisch |
| Veröffentlicht: |
2016
|
| In: |
Race and Justice
Jahr: 2016, Band: 6, Heft: 4, Seiten: 350-369 |
| Online-Zugang: |
Volltext (lizenzpflichtig) Volltext (lizenzpflichtig) |
| Verfügbarkeit prüfen: | HBZ Gateway |
MARC
| LEADER | 00000caa a22000002c 4500 | ||
|---|---|---|---|
| 001 | 1912714426 | ||
| 003 | DE-627 | ||
| 005 | 20250115055032.0 | ||
| 007 | cr uuu---uuuuu | ||
| 008 | 241217s2016 xx |||||o 00| ||eng c | ||
| 024 | 7 | |a 10.1177/2153368716634807 |2 doi | |
| 035 | |a (DE-627)1912714426 | ||
| 035 | |a (DE-599)KXP1912714426 | ||
| 040 | |a DE-627 |b ger |c DE-627 |e rda | ||
| 041 | |a eng | ||
| 084 | |a 2,1 |2 ssgn | ||
| 100 | 1 | |a Painter-Davis, Noah |e VerfasserIn |4 aut | |
| 109 | |a Painter-Davis, Noah |a Davis, Noah Painter- | ||
| 245 | 1 | 0 | |a Structural disadvantage and Latino violent offending: Assessing the Latino paradox in context of established versus emerging Latino destinations |
| 264 | 1 | |c 2016 | |
| 336 | |a Text |b txt |2 rdacontent | ||
| 337 | |a Computermedien |b c |2 rdamedia | ||
| 338 | |a Online-Ressource |b cr |2 rdacarrier | ||
| 700 | 1 | |a Harris, Casey T. |e VerfasserIn |0 (DE-588)1318004934 |0 (DE-627)1879815168 |4 aut | |
| 773 | 0 | 8 | |i Enthalten in |t Race and Justice |d London : Sage Publ., 2011 |g 6(2016), 4, Seite 350-369 |w (DE-627)654268770 |w (DE-600)2598402-0 |w (DE-576)357225929 |x 2153-3687 |7 nnas |
| 773 | 1 | 8 | |g volume:6 |g year:2016 |g number:4 |g pages:350-369 |
| 787 | 0 | 8 | |i Forschungsdaten |a Harris, Casey |t The Prevalence and Nature of Intra-and Inter-group Violence in an Era of Social and Demographic Change, 2000-2014 (UNITED STATES) |d [Erscheinungsort nicht ermittelbar] : [Verlag nicht ermittelbar], 2017 |w (DE-627)1840042559 |
| 856 | 4 | 0 | |u https://doi.org/10.1177/2153368716634807 |x Resolving-System |z lizenzpflichtig |3 Volltext |7 1 |
| 856 | 4 | 0 | |u http://journals.sagepub.com/doi/abs/10.1177/2153368716634807 |x Verlag |z lizenzpflichtig |3 Volltext |7 1 |
| 935 | |a mkri | ||
| 951 | |a AR | ||
| ELC | |a 1 | ||
| LOK | |0 000 xxxxxcx a22 zn 4500 | ||
| LOK | |0 001 4637679982 | ||
| LOK | |0 003 DE-627 | ||
| LOK | |0 004 1912714426 | ||
| LOK | |0 005 20241217045027 | ||
| LOK | |0 008 241217||||||||||||||||ger||||||| | ||
| LOK | |0 035 |a (DE-2619)ICPSR127197 | ||
| LOK | |0 040 |a DE-2619 |c DE-627 |d DE-2619 | ||
| LOK | |0 092 |o n | ||
| LOK | |0 852 |a DE-2619 | ||
| LOK | |0 852 1 |9 00 | ||
| LOK | |0 935 |a nacp | ||
| LOK | |0 939 |a 17-12-24 |b l01 | ||
| ORI | |a SA-MARC-krimdoka001.raw | ||
